[Event "ODJM B 2018"]
[Site "Willingen GER"]
[Date "2018.05.25"]
[Round "8"]
[White "Strack, Patrick"]
[Black "Grunert, Wilhelm"]
[Result "1/2-1/2"]
[Termination "normal"]
[Board "8"]
[WhiteElo "1742"]
[BlackElo "1607"]
[WhiteClock "00:09:12"]
[BlackClock "01:24:17"]
[PlyCount "81"]
[WhiteFideId "16266021"]
[BlackFideId "12995673"]
[EventCountry "GER"]
[EventRounds "9"]
[EventType "swiss"]
[EventDate "2018.05.19"]

1. d4 {[%clk 1:30:58]} 1... Nf6 {[%clk 1:30:53]} 2. c4 {[%clk 1:31:22]} 2... g6
{[%clk 1:31:11]} 3. Nc3 {[%clk 1:31:45]} 3... Bg7 {[%clk 1:31:26]} 4. e4 {
[%clk 1:32:06]} 4... d6 {[%clk 1:31:41]} 5. Nf3 {[%clk 1:32:25]} 5... O-O {
[%clk 1:32:03]} 6. Be2 {[%clk 1:32:49]} 6... Nbd7 {[%clk 1:32:03]} 7. O-O {
[%clk 1:32:08]} 7... Ne8 {[%clk 1:32:00]} 8. Bf4 {[%clk 1:23:43]} 8... Nef6 {
[%clk 1:29:20]} 9. Qd2 {[%clk 1:16:28]} 9... Nh5 {[%clk 1:29:11]} 10. Bh6 {
[%clk 1:14:26]} 10... e5 {[%clk 1:29:14]} 11. Bxg7 {[%clk 1:13:11]} 11... Kxg7
{[%clk 1:29:13]} 12. dxe5 {[%clk 1:06:53]} 12... Nxe5 {[%clk 1:28:23]} 13. Nxe5
{[%clk 1:05:10]} 13... dxe5 {[%clk 1:28:47]} 14. Qxd8 {[%clk 1:05:29]} 14...
Rxd8 {[%clk 1:29:09]} 15. Rad1 {[%clk 1:04:03]} 15... Be6 {[%clk 1:29:07]} 16.
Bxh5 {[%clk 1:00:15]} 16... gxh5 {[%clk 1:29:30]} 17. c5 {[%clk 0:54:45]} 17...
c6 {[%clk 1:28:55]} 18. b3 {[%clk 0:49:42]} 18... Kf6 {[%clk 1:26:32]} 19. h4 {
[%clk 0:40:53]} 19... Rg8 {[%clk 1:26:02]} 20. Rd6 {[%clk 0:35:32]} 20... Rg4 {
[%clk 1:25:47]} 21. g3 {[%clk 0:35:30]} 21... Rgg8 {[%clk 1:26:08]} 22. Rfd1 {
[%clk 0:28:33]} 22... Ke7 {[%clk 1:26:28]} 23. R1d2 {[%clk 0:25:30]} 23... Rad8
{[%clk 1:26:41]} 24. Kg2 {[%clk 0:24:37]} 24... Rxd6 {[%clk 1:27:00]} 25. Rxd6
{[%clk 0:24:18]} 25... Rd8 {[%clk 1:27:26]} 26. Rxd8 {[%clk 0:23:52]} 26...
Kxd8 {[%clk 1:27:51]} 27. f4 {[%clk 0:22:24]} 27... f6 {[%clk 1:27:58]} 28. f5
{[%clk 0:20:52]} 28... Bf7 {[%clk 1:28:22]} 29. Kf3 {[%clk 0:20:34]} 29... b6 {
[%clk 1:28:36]} 30. Na4 {[%clk 0:15:16]} 30... Kc7 {[%clk 1:27:25]} 31. Ke3 {
[%clk 0:14:30]} 31... b5 {[%clk 1:26:57]} 32. Nb2 {[%clk 0:10:20]} 32... a5 {
[%clk 1:26:50]} 33. Kd3 {[%clk 0:09:21]} 33... a4 {[%clk 1:26:15]} 34. Kc3 {
[%clk 0:08:17]} 34... Kb7 {[%clk 1:25:45]} 35. Kb4 {[%clk 0:02:56]} 35... Ka6 {
[%clk 1:25:40]} 36. Nd3 {[%clk 0:02:33]} 36... axb3 {[%clk 1:25:17]} 37. axb3 {
[%clk 0:02:57]} 37... Bg8 {[%clk 1:24:59]} 38. Nf2 {[%clk 0:03:10]} 38... Bf7 {
[%clk 1:24:55]} 39. Nh3 {[%clk 0:01:27]} 39... Bg8 {[%clk 1:23:53]} 40. Nf2 {
[%clk 0:01:45]} 40... Bf7 {[%clk 1:24:17]} 41. Nd3 {[%clk 0:09:12]} 1/2-1/2

[Event "ODJM B 2018"]
[Site "Willingen GER"]
[Date "2018.05.25"]
[Round "8"]
[White "Klühs, Gustaf"]
[Black "Yeremyan, Nazik"]
[Result "1/2-1/2"]
[Termination "normal"]
[Board "9"]
[WhiteElo "1740"]
[BlackElo "1681"]
[WhiteClock "01:07:57"]
[BlackClock "00:37:44"]
[PlyCount "47"]
[WhiteFideId "16228936"]
[BlackFideId "13311468"]
[EventCountry "GER"]
[EventRounds "9"]
[EventType "swiss"]
[EventDate "2018.05.19"]

1. d4 {[%clk 1:30:52]} 1... d5 {[%clk 1:30:57]} 2. c4 {[%clk 1:30:58]} 2... e6
{[%clk 1:31:25]} 3. Nf3 {[%clk 1:31:03]} 3... Nf6 {[%clk 1:31:31]} 4. g3 {
[%clk 1:30:57]} 4... Be7 {[%clk 1:31:48]} 5. Bg2 {[%clk 1:31:09]} 5... O-O {
[%clk 1:32:13]} 6. O-O {[%clk 1:31:30]} 6... c6 {[%clk 1:32:40]} 7. Nbd2 {
[%clk 1:31:26]} 7... Nbd7 {[%clk 1:32:44]} 8. Qc2 {[%clk 1:31:08]} 8... b6 {
[%clk 1:31:16]} 9. e4 {[%clk 1:26:30]} 9... dxe4 {[%clk 1:30:20]} 10. Nxe4 {
[%clk 1:25:06]} 10... Nxe4 {[%clk 1:29:00]} 11. Qxe4 {[%clk 1:25:29]} 11... Bb7
{[%clk 1:25:43]} 12. Ne5 {[%clk 1:23:42]} 12... Nf6 {[%clk 1:24:42]} 13. Qd3 {
[%clk 1:19:27]} 13... Qc7 {[%clk 1:23:00]} 14. Be3 {[%clk 1:15:40]} 14... Rfd8
{[%clk 1:21:38]} 15. Qc2 {[%clk 1:14:30]} 15... Rac8 {[%clk 1:14:51]} 16. Rfd1
{[%clk 1:11:13]} 16... c5 {[%clk 1:03:59]} 17. Bxb7 {[%clk 1:09:47]} 17... Qxb7
{[%clk 1:04:28]} 18. dxc5 {[%clk 1:09:32]} 18... Bxc5 {[%clk 1:04:14]} 19. Bxc5
{[%clk 1:09:53]} 19... bxc5 {[%clk 1:04:39]} 20. Rxd8+ {[%clk 1:09:17]} 20...
Rxd8 {[%clk 1:05:01]} 21. Rd1 {[%clk 1:08:51]} 21... Rxd1+ {[%clk 0:54:41]} 22.
Qxd1 {[%clk 1:09:16]} 22... g6 {[%clk 0:54:52]} 23. b3 {[%clk 1:07:57]} 23...
Qc7 {[%clk 0:37:44]} 24. Ng4 1/2-1/2

[Event "ODJM B 2018"]
[Site "Willingen GER"]
[Date "2018.05.25"]
[Round "8"]
[White "Bilecen, Simon"]
[Black "Petri, Ben-Luca"]
[Result "0-1"]
[Termination "normal"]
[Board "10"]
[WhiteElo "1580"]
[BlackElo "1767"]
[WhiteClock "00:05:06"]
[BlackClock "01:08:45"]
[PlyCount "138"]
[WhiteFideId "16225511"]
[BlackFideId "12947261"]
[EventCountry "GER"]
[EventRounds "9"]
[EventType "swiss"]
[EventDate "2018.05.19"]

1. d4 {[%clk 1:30:56]} 1... Nf6 {[%clk 1:30:51]} 2. Bf4 {[%clk 1:31:08]} 2...
g6 {[%clk 1:31:12]} 3. e3 {[%clk 1:31:21]} 3... Bg7 {[%clk 1:31:39]} 4. Nf3 {
[%clk 1:31:08]} 4... d6 {[%clk 1:30:47]} 5. Nbd2 {[%clk 1:30:45]} 5... O-O {
[%clk 1:27:11]} 6. Bd3 {[%clk 1:27:54]} 6... Nbd7 {[%clk 1:25:54]} 7. h3 {
[%clk 1:24:25]} 7... c5 {[%clk 1:24:08]} 8. O-O {[%clk 1:20:26]} 8... cxd4 {
[%clk 1:21:27]} 9. exd4 {[%clk 1:19:58]} 9... Nd5 {[%clk 1:21:26]} 10. Bg3 {
[%clk 1:19:09]} 10... Qb6 {[%clk 1:21:12]} 11. Nc4 {[%clk 1:10:32]} 11... Qc7 {
[%clk 1:16:14]} 12. c3 {[%clk 1:09:06]} 12... N7f6 {[%clk 1:15:49]} 13. Re1 {
[%clk 1:05:51]} 13... Nh5 {[%clk 1:11:12]} 14. Bh2 {[%clk 1:02:03]} 14... Nhf4
{[%clk 1:10:54]} 15. Bf1 {[%clk 0:56:37]} 15... Bh6 {[%clk 1:03:08]} 16. Ne3 {
[%clk 0:51:07]} 16... Nxe3 {[%clk 0:58:21]} 17. fxe3 {[%clk 0:51:20]} 17... Nd5
{[%clk 0:58:37]} 18. e4 {[%clk 0:47:12]} 18... Ne3 {[%clk 0:58:33]} 19. Qd3 {
[%clk 0:43:54]} 19... Nxf1 {[%clk 0:58:54]} 20. Rxf1 {[%clk 0:43:04]} 20... Be6
{[%clk 0:55:05]} 21. Nd2 {[%clk 0:37:11]} 21... Rac8 {[%clk 0:53:40]} 22. e5 {
[%clk 0:23:52]} 22... dxe5 {[%clk 0:51:08]} 23. Bxe5 {[%clk 0:23:36]} 23... Qc6
{[%clk 0:50:57]} 24. Bf4 {[%clk 0:20:57]} 24... Bg7 {[%clk 0:49:50]} 25. Rfe1 {
[%clk 0:18:54]} 25... Bd5 {[%clk 0:46:26]} 26. Qg3 {[%clk 0:18:03]} 26... e6 {
[%clk 0:44:57]} 27. Nf3 {[%clk 0:16:02]} 27... Bxf3 {[%clk 0:43:20]} 28. Qxf3 {
[%clk 0:14:52]} 28... Qxf3 {[%clk 0:43:26]} 29. gxf3 {[%clk 0:15:21]} 29...
Rfd8 {[%clk 0:43:34]} 30. Be5 {[%clk 0:13:28]} 30... Rd5 {[%clk 0:42:54]} 31.
a4 {[%clk 0:08:32]} 31... Bxe5 {[%clk 0:42:56]} 32. Rxe5 {[%clk 0:08:23]} 32...
Rxe5 {[%clk 0:43:18]} 33. dxe5 {[%clk 0:08:52]} 33... Rd8 {[%clk 0:43:34]} 34.
Rf1 {[%clk 0:07:08]} 34... Kg7 {[%clk 0:43:37]} 35. Kg2 {[%clk 0:06:19]} 35...
Kh6 {[%clk 0:43:44]} 36. b4 {[%clk 0:04:40]} 36... Kg5 {[%clk 0:44:08]} 37. Rc1
{[%clk 0:01:05]} 37... Kf4 {[%clk 0:44:25]} 38. Rc2 38... Kxe5 {[%clk 0:44:20]}
39. c4 {[%clk 0:01:03]} 39... Rd4 {[%clk 0:44:04]} 40. b5 {[%clk 0:00:32]}
40... Kd6 {[%clk 0:43:47]} 41. c5+ {[%clk 0:22:10]} 41... Kc7 {[%clk 1:13:31]}
42. a5 {[%clk 0:21:21]} 42... a6 {[%clk 1:13:00]} 43. bxa6 {[%clk 0:17:49]}
43... bxa6 {[%clk 1:13:03]} 44. Rb2 {[%clk 0:17:10]} 44... Ra4 {[%clk 1:13:31]}
45. c6 {[%clk 0:17:24]} 45... Rxa5 {[%clk 1:13:29]} 46. Rb7+ {[%clk 0:17:43]}
46... Kxc6 {[%clk 1:13:52]} 47. Rxf7 {[%clk 0:18:08]} 47... Rh5 {[%clk 1:13:58]
} 48. Re7 {[%clk 0:16:59]} 48... Kd6 {[%clk 1:13:33]} 49. Rb7 {[%clk 0:16:18]}
49... a5 {[%clk 1:13:44]} 50. Rb6+ {[%clk 0:16:23]} 50... Ke7 {[%clk 1:14:05]}
51. Ra6 {[%clk 0:16:10]} 51... Kf6 {[%clk 1:14:23]} 52. Ra7 {[%clk 0:15:42]}
52... h6 {[%clk 1:14:38]} 53. Ra8 {[%clk 0:14:57]} 53... Rb5 {[%clk 1:14:37]}
54. Kg3 {[%clk 0:15:04]} 54... Ke5 {[%clk 1:14:17]} 55. Rg8 {[%clk 0:15:11]}
55... a4 {[%clk 1:12:03]} 56. Rxg6 {[%clk 0:13:09]} 56... a3 {[%clk 1:12:20]}
57. Rxh6 {[%clk 0:13:35]} 57... a2 {[%clk 1:09:03]} 58. Rh5+ {[%clk 0:14:01]}
58... Kf6 {[%clk 1:09:26]} 59. Rxb5 {[%clk 0:14:22]} 59... a1=Q {[%clk 1:09:51]
} 60. Rh5 {[%clk 0:13:23]} 60... Qg1+ {[%clk 1:10:05]} 61. Kh4 {[%clk 0:10:37]}
61... Qf2+ {[%clk 1:10:14]} 62. Kg4 {[%clk 0:10:31]} 62... Qg2+ {[%clk 1:10:28]
} 63. Kf4 {[%clk 0:10:34]} 63... e5+ {[%clk 1:10:47]} 64. Ke3 {[%clk 0:10:08]}
64... Qg1+ {[%clk 1:09:25]} 65. Ke2 {[%clk 0:07:08]} 65... Qg6 {[%clk 1:08:40]}
66. Rh8 {[%clk 0:06:28]} 66... Kg7 {[%clk 1:08:01]} 67. Rh4 {[%clk 0:06:44]}
67... Qg2+ {[%clk 1:07:53]} 68. Ke3 {[%clk 0:06:39]} 68... Qg5+ {[%clk 1:08:20]
} 69. f4 {[%clk 0:05:06]} 69... Qxh4 {[%clk 1:08:45]} 0-1

[Event "ODJM B 2018"]
[Site "Willingen GER"]
[Date "2018.05.25"]
[Round "8"]
[White "Weimert, Miriam"]
[Black "Schilay, Eva"]
[Result "1/2-1/2"]
[Termination "normal"]
[Board "11"]
[WhiteElo "1797"]
[BlackElo "1605"]
[WhiteClock "00:17:19"]
[BlackClock "00:39:35"]
[PlyCount "96"]
[WhiteFideId "12966703"]
[BlackFideId "12930164"]
[EventCountry "GER"]
[EventRounds "9"]
[EventType "swiss"]
[EventDate "2018.05.19"]

1. Nf3 {[%clk 1:30:57]} 1... Nf6 {[%clk 1:30:29]} 2. g3 {[%clk 1:31:08]} 2...
d5 {[%clk 1:26:03]} 3. b3 {[%clk 1:30:02]} 3... g6 {[%clk 1:23:20]} 4. Bb2 {
[%clk 1:29:14]} 4... Bg7 {[%clk 1:23:39]} 5. Bg2 {[%clk 1:29:09]} 5... O-O {
[%clk 1:23:17]} 6. O-O {[%clk 1:29:31]} 6... c5 {[%clk 1:13:35]} 7. d3 { [%clk
1:24:34]} 7... Nc6 {[%clk 1:10:48]} 8. Nbd2 {[%clk 1:24:39]} 8... Qc7 { [%clk
1:08:22]} 9. c4 {[%clk 1:22:03]} 9... d4 {[%clk 1:02:20]} 10. a3 { [%clk
1:12:40]} 10... a5 {[%clk 0:58:04]} 11. Re1 {[%clk 1:02:17]} 11... e5 { [%clk
0:52:50]} 12. Rc1 {[%clk 0:30:02]} 12... Bd7 {[%clk 0:48:26]} 13. Qc2 { [%clk
0:22:54]} 13... Rae8 {[%clk 0:43:17]} 14. e3 {[%clk 0:19:31]} 14... b6 { [%clk
0:37:53]} 15. exd4 {[%clk 0:18:45]} 15... exd4 {[%clk 0:38:13]} 16. Qb1 { [%clk
0:16:56]} 16... Bc8 {[%clk 0:37:20]} 17. Ne4 {[%clk 0:16:12]} 17... Nxe4 {[%clk
0:37:16]} 18. dxe4 {[%clk 0:16:38]} 18... Bb7 {[%clk 0:36:43]} 19. Qd3 { [%clk
0:16:28]} 19... Re7 {[%clk 0:36:03]} 20. Re2 {[%clk 0:16:38]} 20... Rfe8 {[%clk
0:36:28]} 21. Rce1 {[%clk 0:17:03]} 21... f6 {[%clk 0:34:43]} 22. Bc1 { [%clk
0:17:14]} 22... Ne5 {[%clk 0:31:48]} 23. Nxe5 {[%clk 0:17:21]} 23... fxe5
{[%clk 0:32:12]} 24. Bg5 {[%clk 0:16:24]} 24... Rf7 {[%clk 0:32:02]} 25. Qd2 {
[%clk 0:16:34]} 25... Ref8 {[%clk 0:31:44]} 26. Bh3 {[%clk 0:16:18]} 26... Bc8
{[%clk 0:31:55]} 27. Bxc8 {[%clk 0:16:09]} 27... Qxc8 {[%clk 0:32:24]} 28. Bh6
{[%clk 0:14:56]} 28... Rf3 {[%clk 0:29:29]} 29. Bxg7 {[%clk 0:13:17]} 29...
Kxg7 {[%clk 0:29:53]} 30. Qb2 {[%clk 0:13:12]} 30... Rc3 {[%clk 0:27:44]} 31.
Rc1 {[%clk 0:12:47]} 31... Rff3 {[%clk 0:27:25]} 32. Rxc3 {[%clk 0:12:21]}
32... Rxc3 {[%clk 0:26:27]} 33. Rc2 {[%clk 0:12:14]} 33... Rxc2 {[%clk 0:24:54]
} 34. Qxc2 {[%clk 0:12:40]} 34... Qg4 {[%clk 0:25:19]} 35. Kg2 {[%clk 0:12:47]}
35... h6 {[%clk 0:24:35]} 36. f3 {[%clk 0:12:19]} 36... Qg5 {[%clk 0:24:51]}
37. Qd3 {[%clk 0:12:14]} 37... Qc1 {[%clk 0:24:48]} 38. a4 {[%clk 0:10:19]}
38... Qc3 {[%clk 0:24:04]} 39. Qd1 {[%clk 0:10:12]} 39... Kf6 {[%clk 0:22:23]}
40. h4 {[%clk 0:06:10]} 40... Qe3 {[%clk 0:19:26]} 41. g4 {[%clk 0:28:08]}
41... Qc3 {[%clk 0:46:35]} 42. Kf2 {[%clk 0:26:43]} 42... Qb2+ {[%clk 0:44:59]}
43. Kg3 {[%clk 0:24:49]} 43... h5 {[%clk 0:44:39]} 44. gxh5 {[%clk 0:19:33]}
44... gxh5 {[%clk 0:44:54]} 45. Qd3 {[%clk 0:19:32]} 45... Qc3 {[%clk 0:40:14]}
46. Qd1 {[%clk 0:19:15]} 46... Kg6 {[%clk 0:40:22]} 47. Qg1 {[%clk 0:17:47]}
47... Kf6 {[%clk 0:39:35]} 48. Qd1 {[%clk 0:17:19]} 48... Kg6 1/2-1/2

[Event "ODJM B 2018"]
[Site "Willingen GER"]
[Date "2018.05.25"]
[Round "8"]
[White "Arnold, Leander"]
[Black "Reuter, Julian-Frank"]
[Result "1/2-1/2"]
[Termination "normal"]
[Board "12"]
[WhiteElo "1808"]
[BlackElo "1652"]
[WhiteClock "00:16:28"]
[BlackClock "01:13:35"]
[PlyCount "66"]
[WhiteFideId "12990230"]
[BlackFideId "16256182"]
[EventCountry "GER"]
[EventRounds "9"]
[EventType "swiss"]
[EventDate "2018.05.19"]

1. Nf3 {[%clk 1:30:57]} 1... Nf6 {[%clk 1:30:57]} 2. c4 {[%clk 1:31:20]} 2...
g6 {[%clk 1:31:23]} 3. b3 {[%clk 1:31:43]} 3... Bg7 {[%clk 1:31:49]} 4. Bb2 {
[%clk 1:32:09]} 4... O-O {[%clk 1:32:12]} 5. g3 {[%clk 1:32:07]} 5... d6 {
[%clk 1:32:38]} 6. Bg2 {[%clk 1:32:03]} 6... Nc6 {[%clk 1:32:59]} 7. d3 { [%clk
1:28:59]} 7... e5 {[%clk 1:33:15]} 8. Nbd2 {[%clk 1:28:08]} 8... Nd7 { [%clk
1:31:55]} 9. O-O {[%clk 1:27:02]} 9... e4 {[%clk 1:30:06]} 10. Bxg7 { [%clk
1:23:53]} 10... exf3 {[%clk 1:30:19]} 11. Bxf8 {[%clk 1:24:18]} 11... fxg2
{[%clk 1:30:46]} 12. Kxg2 {[%clk 1:24:16]} 12... Kxf8 {[%clk 1:31:06]} 13. f4
{[%clk 1:09:53]} 13... Nf6 {[%clk 1:26:52]} 14. h3 {[%clk 0:59:21]} 14... d5
{[%clk 1:25:18]} 15. e4 {[%clk 0:49:25]} 15... dxc4 {[%clk 1:24:05]} 16. dxc4 {
[%clk 0:47:21]} 16... b6 {[%clk 1:24:14]} 17. e5 {[%clk 0:31:27]} 17... Nd7 {
[%clk 1:24:11]} 18. Nf3 {[%clk 0:27:22]} 18... Bb7 {[%clk 1:24:06]} 19. Kh2 {
[%clk 0:27:07]} 19... Nc5 {[%clk 1:23:39]} 20. Qe2 {[%clk 0:24:24]} 20... Qd3 {
[%clk 1:21:19]} 21. Qxd3 {[%clk 0:23:02]} 21... Nxd3 {[%clk 1:21:44]} 22. Rad1
{[%clk 0:21:34]} 22... Rd8 {[%clk 1:21:13]} 23. Rd2 {[%clk 0:20:11]} 23... Ndb4
{[%clk 1:19:58]} 24. Rfd1 {[%clk 0:19:45]} 24... Rxd2+ {[%clk 1:18:25]} 25.
Rxd2 {[%clk 0:20:09]} 25... Ke7 {[%clk 1:18:40]} 26. a3 {[%clk 0:20:09]} 26...
Na6 {[%clk 1:18:53]} 27. Ng5 {[%clk 0:19:44]} 27... h6 {[%clk 1:19:09]} 28. Nh7
{[%clk 0:19:11]} 28... Nc5 {[%clk 1:18:30]} 29. Nf6 {[%clk 0:19:09]} 29... a5 {
[%clk 1:18:18]} 30. Nd5+ {[%clk 0:18:52]} 30... Kf8 {[%clk 1:17:18]} 31. b4 {
[%clk 0:18:44]} 31... axb4 {[%clk 1:17:05]} 32. axb4 {[%clk 0:18:58]} 32... Ne6
{[%clk 1:16:59]} 33. Nxc7 {[%clk 0:16:28]} 33... Nxc7 {[%clk 1:13:35]} 1/2-1/2

[Event "ODJM B 2018"]
[Site "Willingen GER"]
[Date "2018.05.25"]
[Round "8"]
[White "Leßmann, Sönke"]
[Black "Zieringer, Sebastian"]
[Result "1/2-1/2"]
[Termination "normal"]
[Board "13"]
[WhiteElo "1656"]
[BlackElo "1751"]
[PlyCount "66"]
[WhiteFideId "16222520"]
[BlackFideId "16222008"]
[EventCountry "GER"]
[EventRounds "9"]
[EventType "swiss"]
[EventDate "2018.05.19"]

1. e4 e5 2. Nf3 Nc6 3. Bc4 Nf6 4. d3 Bc5 5. c3 d6 6. Nbd2 Be6 7. Bb3 Qd7 8. h3
h6 9. O-O O-O-O 10. Bxe6 Qxe6 11. b4 Bb6 12. a4 a5 13. Nc4 Nd7 14. b5 Ne7 15.
Nxb6+ Nxb6 16. c4 Nd7 17. Be3 b6 18. Qc2 f5 19. d4 f4 20. Bc1 Qf6 21. dxe5 Nxe5
22. Nxe5 Qxe5 23. Bb2 Qh5 24. Rfe1 Ng6 25. Rad1 Ne5 26. Bxe5 Qxe5 27. Rd5 Qe7
28. e5 Rhf8 29. Qe4 Rde8 30. e6 Rf6 31. Rxd6 cxd6 32. Qa8+ Kc7 33. Qa7+ Kc8
1/2-1/2

[Event "ODJM B 2018"]
[Site "Willingen GER"]
[Date "2018.05.25"]
[Round "8"]
[White "Thorz, Maximilian"]
[Black "von Rosen, Jakob"]
[Result "1-0"]
[Termination "normal"]
[Board "14"]
[WhiteElo "1639"]
[BlackElo "1700"]
[PlyCount "75"]
[WhiteFideId "16220668"]
[BlackFideId "12982989"]
[EventCountry "GER"]
[EventRounds "9"]
[EventType "swiss"]
[EventDate "2018.05.19"]

1. d4 Nf6 2. c4 c5 3. d5 e6 4. Nc3 exd5 5. cxd5 d6 6. e4 g6 7. f4 Bg7 8. Nf3
O-O 9. Be2 Re8 10. e5 dxe5 11. fxe5 Ng4 12. Bg5 Qa5 13. O-O Nxe5 14. Nxe5 Bxe5
15. Bc4 Bf5 16. g4 Bd4+ 17. Kh1 Bxc3 18. gxf5 Bd4 19. fxg6 hxg6 20. Qf3 Rf8 21.
d6 Nd7 22. Qxb7 Ne5 23. Bxf7+ Nxf7 24. Rxf7 Qb6 25. Rxf8+ Rxf8 26. Qxb6 axb6
27. d7 Bxb2 28. Rd1 c4 29. d8=Q Rxd8 30. Rxd8+ Kf7 31. Rb8 Bd4 32. Kg2 Ke6 33.
Kf3 Kf5 34. Be3 Be5 35. Rxb6 g5 36. h3 c3 37. Rc6 Bg7 38. Rc5+ 1-0

[Event "ODJM B 2018"]
[Site "Willingen GER"]
[Date "2018.05.25"]
[Round "8"]
[White "Kovac, Linda"]
[Black "Schneider, Edward"]
[Result "1-0"]
[Termination "normal"]
[Board "15"]
[WhiteElo "1629"]
[BlackElo "1768"]
[PlyCount "109"]
[WhiteFideId "12938815"]
[BlackFideId "16200870"]
[EventCountry "GER"]
[EventRounds "9"]
[EventType "swiss"]
[EventDate "2018.05.19"]

1. d4 d5 2. Nf3 e6 3. Bf4 Nf6 4. e3 c5 5. c4 cxd4 6. exd4 Be7 7. Nc3 dxc4 8.
Bxc4 O-O 9. O-O a6 10. d5 exd5 11. Nxd5 Nxd5 12. Bxd5 Nd7 13. Rc1 Nf6 14. Bb3
Bg4 15. Qxd8 Rfxd8 16. Ne5 Be6 17. Bxe6 fxe6 18. Rc7 Nd5 19. Rxb7 Nxf4 20. Rxe7
Rd2 21. Rb7 Rad8 22. g3 Ne2+ 23. Kg2 h6 24. Rb6 Nd4 25. Rxa6 Rxb2 26. Rd1 Rd5
27. Nc4 Rb4 28. Ne3 Rc5 29. a3 Rbc4 30. Nxc4 Rxc4 31. Ra1 e5 32. Ra8+ Kf7 33.
Ra2 Ke6 34. a4 Kd6 35. Rb8 Kc7 36. Rb1 Rc6 37. Rb4 Ra6 38. Rab2 Ra7 39. a5 Nc6
40. Rg4 g5 41. h4 Rxa5 42. hxg5 hxg5 43. Rxg5 Kd6 44. Rg6+ Kd5 45. Rd2+ Nd4 46.
g4 Ra4 47. Rg5 Kc6 48. Rxe5 Rc4 49. g5 Kd6 50. Re8 Kc5 51. g6 Kd5 52. Rd8+ Kc5
53. R2xd4 Rxd4 54. Rxd4 Kxd4 55. g7 1-0

[Event "ODJM B 2018"]
[Site "Willingen GER"]
[Date "2018.05.25"]
[Round "8"]
[White "Alferova, Ekaterina"]
[Black "Mainka, Irmin"]
[Result "1-0"]
[Termination "normal"]
[Board "16"]
[WhiteElo "1600"]
[BlackElo "1415"]
[PlyCount "49"]
[WhiteFideId "16217250"]
[BlackFideId "16248457"]
[EventCountry "GER"]
[EventRounds "9"]
[EventType "swiss"]
[EventDate "2018.05.19"]

1. d4 d5 2. Bf4 Nf6 3. c3 Bf5 4. e3 e6 5. Bd3 Bxd3 6. Qxd3 Bd6 7. Bg3 O-O 8.
Nd2 c6 9. Ngf3 Qc7 10. O-O Nbd7 11. e4 dxe4 12. Nxe4 Nxe4 13. Qxe4 Bxg3 14.
hxg3 Rae8 15. Rfe1 Nf6 16. Qc2 h6 17. Ne5 Nd5 18. Re2 Ne7 19. Rae1 Qc8 20. Re4
Nd5 21. Qc1 g5 22. Nf3 f5 23. Re5 f4 24. Qc2 Rf5 25. Qxf5 1-0

[Event "ODJM B 2018"]
[Site "Willingen GER"]
[Date "2018.05.25"]
[Round "8"]
[White "Wieber, Dominik"]
[Black "Fuchs, Florian"]
[Result "1-0"]
[Termination "normal"]
[Board "17"]
[WhiteElo "1790"]
[BlackElo "1661"]
[PlyCount "65"]
[WhiteFideId "24699012"]
[BlackFideId "16213351"]
[EventCountry "GER"]
[EventRounds "9"]
[EventType "swiss"]
[EventDate "2018.05.19"]

1. e4 e6 2. d4 d5 3. exd5 exd5 4. Bd3 Nc6 5. Ne2 Bd6 6. h3 Nge7 7. O-O O-O 8.
c3 Be6 9. Bf4 Rc8 10. Nd2 Re8 11. Re1 Nb8 12. b4 Nd7 13. Nf3 Bf5 14. Qc2 Bxd3
15. Qxd3 Nf6 16. Bxd6 cxd6 17. Ng3 Qc7 18. Re3 g6 19. Rae1 Rcd8 20. Nh4 Nc8 21.
Ngf5 gxf5 22. Qxf5 Rxe3 23. Qg5+ Kf8 24. Rxe3 Ne4 25. Qh6+ Kg8 26. f3 Re8 27.
fxe4 Ne7 28. Rg3+ Ng6 29. Nf5 f6 30. h4 dxe4 31. h5 Qd7 32. hxg6 Qxf5 33. Qxh7+
1-0

[Event "ODJM B 2018"]
[Site "Willingen GER"]
[Date "2018.05.25"]
[Round "8"]
[White "Kolb, Tobias"]
[Black "Limberg, Thomas"]
[Result "1/2-1/2"]
[Termination "normal"]
[Board "18"]
[WhiteElo "1740"]
[BlackElo "1647"]
[PlyCount "94"]
[WhiteFideId "12992321"]
[BlackFideId "16226755"]
[EventCountry "GER"]
[EventRounds "9"]
[EventType "swiss"]
[EventDate "2018.05.19"]

1. e4 Nf6 2. Nc3 d5 3. e5 d4 4. exf6 dxc3 5. fxg7 cxd2+ 6. Qxd2 Qxd2+ 7. Bxd2
Bxg7 8. O-O-O O-O 9. Nf3 Bg4 10. Bd3 Nc6 11. Rde1 e6 12. Ng5 h6 13. h3 Bf5 14.
Bxf5 exf5 15. Nf3 Rfe8 16. c3 Re4 17. g3 Rae8 18. Bf4 Rxe1+ 19. Rxe1 Rxe1+ 20.
Nxe1 Ne5 21. Bxe5 Bxe5 22. f4 Bd6 23. Nf3 Kg7 24. Nd4 Kg6 25. Nb5 Bc5 26. Nxc7
Bf2 27. Nd5 Bxg3 28. Kd2 Kh5 29. Ke3 Kh4 30. Ne7 Kxh3 31. Nxf5 h5 32. Kf3 h4
33. Nh6 Kh2 34. Nxf7 h3 35. Ng5 Bh4 36. Kg4 Bxg5 37. fxg5 Kg2 38. g6 h2 39. g7
h1=Q 40. g8=Q Qh3+ 41. Kf4+ Kf2 42. Qd5 Qe3+ 43. Kf5 Qh3+ 44. Ke5 Qe3+ 45. Qe4
Qc5+ 46. Qd5 Qe3+ 47. Kf6 Qb6+ 1/2-1/2

[Event "ODJM B 2018"]
[Site "Willingen GER"]
[Date "2018.05.25"]
[Round "8"]
[White "Stork, Christopher"]
[Black "Jenner, Meikel"]
[Result "0-1"]
[Termination "normal"]
[Board "19"]
[WhiteElo "1715"]
[BlackElo "1679"]
[PlyCount "96"]
[WhiteFideId "16215400"]
[BlackFideId "16245342"]
[EventCountry "GER"]
[EventRounds "9"]
[EventType "swiss"]
[EventDate "2018.05.19"]

1. e4 c5 2. Nf3 g6 3. d4 cxd4 4. Nxd4 Nc6 5. Nc3 Bg7 6. Be3 Nf6 7. Bc4 Qa5 8.
O-O O-O 9. Bb3 d6 10. Qd2 Nxd4 11. Qxd4 Ng4 12. Qd2 Bxc3 13. Qxc3 Qxc3 14. bxc3
Nxe3 15. fxe3 Be6 16. Bxe6 fxe6 17. Rab1 b6 18. Rb4 Rfc8 19. Rb3 Rc4 20. Rf4
Rac8 21. Ra3 R8c7 22. e5 Rxc3 23. Rxc3 Rxc3 24. exd6 exd6 25. Rd4 Rxc2 26. Rxd6
Rxa2 27. Rxe6 Kf7 28. Rc6 b5 29. Rc5 b4 30. Rb5 a5 31. Kf1 Ra3 32. Ke2 b3 33.
Kd2 Ra2+ 34. Kc3 a4 35. Rb4 Rxg2 36. Rxa4 b2 37. Rb4 Rxh2 38. Kd3 h5 39. e4 h4
40. Kd4 h3 41. Ke5 Re2 42. Rb7+ Kg8 43. Rb8+ Kg7 44. Rb7+ Kh6 45. Kf6 h2 46.
Rb8 Rf2+ 47. Ke6 Kg5 48. Rb5+ Kg4 0-1

[Event "ODJM B 2018"]
[Site "Willingen GER"]
[Date "2018.05.25"]
[Round "8"]
[White "Knerr, Sebastian"]
[Black "von Jan, Lena"]
[Result "1-0"]
[Termination "normal"]
[Board "20"]
[WhiteElo "1742"]
[BlackElo "1480"]
[PlyCount "49"]
[WhiteFideId "16266013"]
[BlackFideId "12946060"]
[EventCountry "GER"]
[EventRounds "9"]
[EventType "swiss"]
[EventDate "2018.05.19"]

1. e4 e5 2. Nf3 Nc6 3. Bc4 Bc5 4. c3 d6 5. d3 h6 6. a4 a6 7. Be3 Ba7 8. Bxa7
Rxa7 9. Nbd2 Nf6 10. Qe2 Ra8 11. O-O O-O 12. Nh4 Ne7 13. f4 exf4 14. Rxf4 Kh7
15. d4 Ng6 16. Nxg6 fxg6 17. Raf1 Re8 18. Qd3 Bd7 19. Bf7 Rf8 20. Bxg6+ Kxg6
21. e5+ Kf7 22. exf6 Kg8 23. f7+ Kh8 24. Nf3 g5 25. Qg6 1-0